Statistics for Objects by Picture - H

Click here to take the quiz!

General Stats

  • This quiz has been taken 414 times
    (413 since last reset)
  • The average score is 13 of 15

Answer Stats

Answer% Correct
Heart
100%
Hippo
98%
Horse
98%
Hat
97%
Hammer
96%
House
96%
Hand
95%
Hanger
90%
Harp
88%
Ham
85%
Hairbrush
80%
Hamster
75%
Hoop
75%
Hornet
70%
Holly
33%

Score Distribution

Percentile by Number Answered

Percent of People with Each Score

Your Score History

You have not taken this quiz since the last reset